000 01099nas a2200361 4500
001 BR0602543
003 BR-BrBNA
005 20231205110045.0
007 ta
008 230509b bl.|||p| |||| 00| 00por d
040 _aBR-BrBNA
_bpor
_cBiblioteca Nacional de Agricultura
041 _a(Pt)
072 _aL73; Q03
100 1 _aRamos, T.R.R.
100 1 _aMota, R.A.
100 1 _aMoura Sobrinho, P.A. de
100 1 _aSilva, F.F. da
100 1 _aFerro, G. de O.
100 1 _aNunes, A.C.B.T.
245 1 _aLevantamento de brucelose bovina pela prova do anel no leite nas indústrias de laticínios do município de Araguaína-Tocantins
650 _aGADO LEITEIRO
650 _aLEITE
650 _aMICROBIOLOGIA DE ALIMENTO
650 _aDOENÇA ANIMAL
650 _aBRUCELOSE
650 _aINFECÇÃO
650 _aZOONOSE
650 _aDIAGNÓSTICO
650 _aTOCANTINS
773 0 _tCiência Veterinária nos Trópicos (Brazil)
_xISSN 1415-6326
_g(Jan-Apr 2003), v. 6(1) p. 53-58
_wBR0602543
909 _a202311
_bLúcia
_c55
_dLúcia Elande
942 _2AGRIS
_n0
_cANA
999 _c186015
_d186015